000 00217 a2200097 4500
001 46314
100 _aGreen, W
245 _aMacdonald world air power guide
260 _aLondon
_bMacdonald
_c
090 _c29432
_d29432
942 _aNUST-CAE
_cM
_c21594
999 _c281387
_d281387